000 00444nam a2200157Ia 4500
003 GCL
008 140319s9999 xx 000 0 eng d
040 _aGCL /
_cGCL
082 0 4 _aCH
_b910.4
_bN S
100 1 _aNATIONAL GEOGRAPHIC SOCIETY
245 1 0 _aSECRET CORNERS OF THE WARLD /
_cNATIONAL GEOGRAPHIC SOCIETY
260 _a[S.N] :
_bNATIONAL GEOGRAPHIC SOCIETY
300 _a200 P
650 0 4 _aADDRESSES ESSAY LECTURES
942 _2ddc
_cBK
999 _c25650
_d25650